000
00195 a2200097 4500
020
_a
9789972588310
041
_a
spa
100
_a
Munoz, Teresina
245
_a
El cocodrilo de tumbes
942
_c
BK
999
_c
30892
_d
30890